000
003280000a22001450004500
003
MACL
040
_a
MACL
090
_c
33738
_d
33736
100
_a
Li, Sing
245
_a
Professional Jini
260
_b
Shroff Publishers & Distributors P Ltd
_c
2001
350
_a
575
650
_a
Computer Programming
942
_c
BOOK
_k
004/LI
999
_c
33387
_d
33387